Keralathile nadansangeetham / (Record no. 65705)
[ view plain ]
| 000 -LEADER | |
|---|---|
| fixed length control field | 00834nam a2200277Ia 4500 |
| 003 - CONTROL NUMBER IDENTIFIER | |
| control field | OSt |
| 005 - DATE AND TIME OF LATEST TRANSACTION | |
| control field | 20240829113155.0 |
| 008 - FIXED-LENGTH DATA ELEMENTS--GENERAL INFORMATION | |
| fixed length control field | 210329s9999||||xx |||||||||||||| ||und|| |
| 020 ## - INTERNATIONAL STANDARD BOOK NUMBER | |
| International Standard Book Number | 81875900804 |
| 040 ## - CATALOGING SOURCE | |
| Transcribing agency | STCPL |
| 041 ## - LANGUAGE CODE | |
| Language code of text/sound track or separate title | Malayalam |
| 082 ## - DEWEY DECIMAL CLASSIFICATION NUMBER | |
| Classification number | M07 |
| Item number | VIS-K |
| 100 ## - MAIN ENTRY--PERSONAL NAME | |
| Personal name | Vishnu Namboodiri, M V |
| Author in other language | എം വി വിഷ്ണുനമ്പൂതിരി |
| 245 #0 - TITLE STATEMENT | |
| Title | Keralathile nadansangeetham / |
| Statement of responsibility, etc. | by M V Vishnu Namboodiri |
| Title in other language | കേരളത്തിലെ നാടന്സംഗീതം |
| 260 ## - PUBLICATION, DISTRIBUTION, ETC. | |
| Place of publication, distribution, etc. | Kariavattom : |
| Name of publisher, distributor, etc. | International Centre For Kerala Studies , |
| Date of publication, distribution, etc. | 2005 . |
| 300 ## - PHYSICAL DESCRIPTION | |
| Extent | 229 p. |
| Other physical details | Paper Back |
| 650 ## - SUBJECT ADDED ENTRY--TOPICAL TERM | |
| Topical term or geographic name entry element | Malayalam poems |
| 650 ## - SUBJECT ADDED ENTRY--TOPICAL TERM | |
| Topical term or geographic name entry element | Folk songs |
| 650 ## - SUBJECT ADDED ENTRY--TOPICAL TERM | |
| Topical term or geographic name entry element | Folk music |
| 650 ## - SUBJECT ADDED ENTRY--TOPICAL TERM | |
| Topical term or geographic name entry element | Folklore |
| 650 ## - SUBJECT ADDED ENTRY--TOPICAL TERM | |
| Topical term or geographic name entry element | Malayalam study |
| 650 ## - SUBJECT ADDED ENTRY--TOPICAL TERM | |
| Topical term or geographic name entry element | Kerala folklore |
| 942 ## - ADDED ENTRY ELEMENTS (KOHA) | |
| Koha item type | Books |
| 041 ## - LANGUAGE CODE | |
| Language code of original | Malayalam |
| 942 ## - ADDED ENTRY ELEMENTS (KOHA) | |
| Source of classification or shelving scheme | Dewey Decimal Classification |
| Withdrawn status | Lost status | Source of classification or shelving scheme | Damaged status | Collection code | Not for loan | Home library | Current library | Shelving location | Date acquired | Cost, normal purchase price | Total Checkouts | Full call number | Barcode | Date due | Date last seen | Date last checked out | Price effective from | Koha item type |
|---|---|---|---|---|---|---|---|---|---|---|---|---|---|---|---|---|---|---|
| Dewey Decimal Classification | Malayalam | ST. THOMAS COLLEGE LIBRARY, PALAI | ST. THOMAS COLLEGE LIBRARY, PALAI | Malayalam | 2021-07-10 | 150.00 | 1 | M07 VIS-K | 80832 | 2026-05-12 | 2026-04-21 | 2026-04-21 | 2021-07-10 | Books |
